Formative assessment manual for teachers: Mathematics, Class- 9 (Record no. 1398813)

MARC details
000 -LEADER
fixed length control field 00598nam a2200205Ia 4500
005 - DATE AND TIME OF LATEST TRANSACTION
control field 20250508170031.0
008 - FIXED-LENGTH DATA ELEMENTS--GENERAL INFORMATION
fixed length control field 008 250505s9999 xx 000 0 eng d
037 ## - SOURCE OF ACQUISITION
Stock number Textual
040 ## - CATALOGING SOURCE
Original cataloging agency FEDL
Language of cataloging eng
Transcribing agency FEDL
041 ## - LANGUAGE CODE
Language code of text/sound track or separate title eng
Source of code eng
084 ## - COLON CLASSIFICATION NUMBER
Classification number 510.7, CEN
Assigning agency FEDL
245 #0 - TITLE STATEMENT
Title Formative assessment manual for teachers: Mathematics, Class- 9
245 #0 - TITLE STATEMENT
Statement of responsibility, etc. CBSE (New Delhi India)
260 ## - PUBLICATION, DISTRIBUTION, ETC.
Place of publication, distribution, etc. New Delhi, India
Name of publisher, distributor, etc. CBSE
Date of publication, distribution, etc. 2010
300 ## - PHYSICAL DESCRIPTION
Extent xliv, 179p.
365 ## - TRADE PRICE
Price type code INR
Price amount 130
546 ## - LANGUAGE NOTE
Language note Gifted by Prof. Anita Rampal
942 ## - ADDED ENTRY ELEMENTS (KOHA)
Koha item type Textual
Classification part 510.7, CEN
Holdings
Withdrawn status Lost status Damaged status Not for loan Home library Current library Date acquired Cost, normal purchase price Total Checkouts Full call number Barcode Date last seen Price effective from Koha item type
        Department of Education Library Department of Education Library 2025-05-08 130.00   510.7, CEN EL0092475 2025-05-08 2025-05-08 Textual
Copyright @ Delhi University Library System